000 00841nam a22002537a 4500
001 3397
003 FISKH
005 20240304151737.0
008 240301b cb ||||| |||| 00| 0 eng d
040 _aFISK
_beng
_cFISK
_dFISK
050 _aPZ7.H7875
082 _a823.92
100 _aHorowitz Anthony :
_d1955-
245 _aRussian roulette /
_cAnthony Horowitz
260 _aLondon :
_bWalker books,
_c2015
300 _a419 pages :
_b20 cm
490 _3Alex rider adventure
505 _aM
520 _aPresented with an unexpected assignment, Alex Rider's greatest nemesis, Yassen Gregoravich, recalls his life and the path that led him to become an assassin while his one-time friend, Alex's uncle, became a spy.
521 8 _a770
_bLexile
700 _aAnthony Horowitz
942 _2ddc
_cBK
_n0
999 _c3397
_d3397